Cómo cuidar los rodamientos SKF
Salvato in:
| Natura: | Libro |
|---|---|
| Lingua: | spagnolo |
| Pubblicazione: |
Santiago
Rodamientos SKF Chile
1980
|
| Soggetti: | |
| Tags: |
Aggiungi Tag
Nessun Tag, puoi essere il primo ad aggiungerne!!
|
MARC
| LEADER | 00000nam a2200000 a 4500 | ||
|---|---|---|---|
| 001 | UCU5935 | ||
| 003 | CL-VaPUC | ||
| 008 | 960614e19800000CL |||||||||||||||||spa|d | ||
| 082 | 0 | 4 | |a 621.822 |b COM |2 21 |
| 245 | 1 | 0 | |a Cómo cuidar los rodamientos SKF |
| 300 | |a 227 p | ||
| 942 | |c BK | ||
| 945 | |d 19960614 00:00:00 |a cmena | ||
| 260 | |a Santiago |b Rodamientos SKF Chile |c 1980 | ||
| 650 | 0 | |a Rodamientos |9 333554 | |
| 650 | 0 | |a Ingeniería mecánica |9 262089 | |
| 650 | 0 | |a Mecánica |9 260096 | |
| 650 | 7 | |a PIEZAS DE SUJECION |2 CL-VaPUC |9 364028 | |
| 583 | |a last modification |c 19960614 00:00:00 |k Rodrigo Vera | ||
| 999 | |c 249072 |d 249070 | ||
| 952 | |0 0 |1 0 |4 0 |6 621_822000000000000_COM_1980 |7 0 |8 A |9 266092 |a BIBING |b BIBING |d 2019-11-19 |i 1686747 |o 621.822 COM 1980 |p 1686747 |r 2025-01-20 |w 2019-11-19 |y BK |k ING | ||